000 00563nam a22002057a 4500
999 _c6268
_d6268
003 OSt
005 20190829122037.0
008 190829b ||||| |||| 00| 0 eng d
020 _a9781843983750
040 _cDDC
082 _a658.3 INT 2016
100 _aBrewster, Chris [et...al]
_912880
245 _a International Human Resource Management:
250 _a4th ed.
260 _aLondon;
_bCIPD,
_c2016
300 _axiii,511p;
_bill:
_c24.5cm
504 _aReferences, & index included
650 _aHuman resource management:
_95317
942 _2ddc
_cBOOK